000 00756cam a2200217 4500
008 090401t1990 xxu||||| |||| 00| 0 eng d
020 _a1870325303
035 _a(Sirsi) u8581
041 _aeng
050 _a526.902462
245 _aTerrain modelling in surveying and civil engineering
260 _aLatheronwheel,Caithness
_bWhittles Publishing
_c1990
300 _axiv,351p. : ill. ; 23cm.
350 _a50
520 _aJoint editor:T.J.M. Kennie. - Based on courses organised by the editors at the University of Surrey and the University of Glasgow in 1987. - Published jointly with Thomas Telford .
650 _aDIGITAL TERRAIN MODELLING
650 _aKENNIE T J M
700 _aPetrie, G.
_xEditor
942 _n0
948 _c04/03/1997
999 _c86533
_d86533